Guía para el aprendizaje. Matemática octavo grado. Proyecto Escuela Multigrado Innovada (Record no. 8192)
[ view plain ]
| 000 -LEADER | |
|---|---|
| campo de control de longitud fija | 00444nam a2200133Ia 4500 |
| 001 - NÚMERO DE CONTROL | |
| campo de control | 1766 |
| 008 - DATOS DE LONGITUD FIJA--INFORMACIÓN GENERAL | |
| campo de control de longitud fija | 241024s9999 xx 000 0 und d |
| 082 ## - NÚMERO DE LA CLASIFICACIÓN DECIMAL DEWEY | |
| Número de clasificación | RD/510/R426g/8 |
| 100 ## - ENTRADA PRINCIPAL--NOMBRE DE PERSONA | |
| Nombre de persona | República Dominicana. Secretaría de Estado de Educación. Básica |
| 245 #0 - MENCIÓN DEL TÍTULO | |
| Título | Guía para el aprendizaje. Matemática octavo grado. Proyecto Escuela Multigrado Innovada |
| 260 ## - PUBLICACIÓN, DISTRIBUCIÓN, ETC. | |
| Nombre del editor, distribuidor, etc. | Ed. Alfa & Omega |
| Fecha de publicación, distribución, etc. | 2008 |
| 901 ## - ELEMENTOS DE DATOS A LOCAL LDA (RLIN) | |
| a | 26/9/2011 11:38:23 a.m. |
No items available.